1051 1657 1933 1969 1045 1266 1250 1609 1540 1025 1474 1893 1210 1698 1418 1723 1960 1720 1371 1032 1959 1141 1223 1423 1495 1381 1597 1854 1411 1832 1406 1298 1933 1257 1707 1720 1588 1874 1613 1574 1747 1076 1228 1150 1482 1468 1535 1252 1784 1771 1799 1156 1353 1197 1327 1073 1727 1417 1080 1595 1549 1450 1829 1551 1212 1103 1813 1397 1290 1132 1366 1691 1355 1047 1676 1999 1706 1309 1151 1147 1181 1374 1512 1160 1365 1419 1498 1824 1218 1289 1514 1119 1736 1755 1288 1249 1154 1464 1394 BCNSPRNW ULIB Ver.6.0+V

เปลี่ยนเป็นภาษาไทย

Change to English
 แสดงรายละเอียดบรรณานุกรม
  กลับหน้าหลัก

Brief Record : Get Marc (ISO 2709) : E-mail record : QR code < ปิดหน้าต่าง
LEADER : 00000nam 2200000uu 4500
001    13399120049
003     ULIB
008    020711s2552 th a 000 0 tha d
020    9786165000086
090    นว.^bร147บ
100    ร่มแก้ว
245    แม่น้ำนี้ชื่อนิจนิรันดร์ /^cร่มแก้ว
260     กรุงเทพฯ^bพิมพ์คำ,^c2552
300    318 หน้า
945    ^p220^l0^i16288
999    ^aทศพร เกษรทอง
รายการนี้ยังไม่มีแท็ก
คุณยังไม่ได้ล็อกอิน คุณสามารถมีกิจกรรมร่วมกับเว็บไซต์ได้ แต่ต้องล็อกอินก่อน ::
  ล็อกอิน

รายการสื่อสารสนเทศ

ลำดับที่ ประเภท เลขเรียก/บาร์โค้ด สถานที่ สถานะ
1. นวนิยาย
นวนิยาย
นว. ร147บ ฉ.1 
  Barcode: 16288
ห้องสมุดวิทยาเขตสวรรค์ประชารักษ์
►นวนิยาย
บนชั้น
  ขอยืม

รายการใกล้เคียง
    ผู้แต่ง [ร่มแก้ว]

BibComment


ยังไม่เคยถูกคอมเมนท์

คอมเมนท์ทรัพยากรรายการนี้
  คอมเมนท์: แม่น้ำนี้ชื่อนิจน..


 Copyright 2026. Bcnsprnw @Library